Toutes les subdivisions des pays d'Amérique du Sud - Carte - Statistiques

Statistiques générales
  • Ce quiz a été pris 299 fois
  • Le résultat moyen est 52 sur 242
Réponses sur la Carte
Les réponses sont colorées sur une échelle allant du rouge au vert en fonction du pourcentage des utilisateurs qui les ont devinées à leur premier essai. Vous pouvez retrouver ces pourcentages ci-dessous.
 
Statistiques - réponses
Country Type de quiz Réponse % Correct
Brésil State Rio de Janeiro
91%
Argentine Province Buenos Aires
89%
Argentine Autonomous city Buenos Aires
89%
Brésil District Distrito Federal
85%
Chili Region Santiago
85%
Argentine Province Santiago del Estero
85%
Brésil State São Paulo
81%
Pérou Department Lima
77%
Colombie District Bogota
74%
Bolivie Department La Paz
71%
Colombie Department Sucre
70%
Venezuela State Sucre
70%
Uruguay Department Montevideo
69%
Brésil State Pará
68%
Suriname District Para
68%
Brésil State Amazonas
67%
Colombie Department Amazonas
67%
Pérou Department Amazonas
67%
Venezuela State Amazonas
67%
Venezuela District District de la capitale
62%
Argentine Province Terre de Feu
57%
Paraguay District Distrito Capital
55%
Royaume-Uni Overseas Territory Iles Malouines
54%
France Overseas Region Guyane française
53%
Brésil State Mato Grosso
52%
Argentine Province Córdoba
47%
Colombie Department Córdoba
47%
Argentine Province Santa Cruz
46%
Bolivie Department Santa Cruz
46%
Brésil State Paraná
42%
Equateur Province Galápagos
41%
Suriname District Paramaribo
41%
Chil Region Valparaíso
41%
Brésil State Bahia
40%
Uruguay Department Lavalleja
40%
Brésil State Mato Grosso do Sul
40%
Brésil State Rio Grande do Sul
40%
Brésil State Acre
38%
Pérou Department Cuzco
38%
Argentine Province Mendoza
38%
Brésil State Rio Grande do Norte
38%
Argentine Province San Juan
36%
Argentine Province La Pampa
35%
Argentine Province Santa Fe
35%
Brésil State Goiás
34%
Brésil State Minas Gerais
34%
Brésil State Pernambouc
34%
Brésil State Amapá
33%
Chili Region Antofagasta
32%
Brésil State Rondônia
32%
Pérou Department Arequipa
31%
Chili Region Atacama
31%
Brésil State Espirito Santo
31%
Argentine Province Río Negro
31%
Uruguay Department Rio Negro
31%
Brésil State Tocantins
31%
Colombie Department Bolívar
30%
Equateur Province Bolívar
30%
Venezuela State Bolívar
30%
Brésil State Ceará
30%
Brésil State Santa Catarina
30%
Brésil State Piauí
29%
Brésil State Roraima
29%
Argentine Province San Luis
29%
Brésil State Paraíba
28%
Bolivie Department Potosí
28%
Argentine Province Salta
28%
Brésil State Sergipe
27%
Brésil State Alagoas
26%
Chili Region Biobío
26%
Bolivie Department Cochabamba
26%
Argentine Province Jujuy
26%
Brésil State Maranhão
26%
Argentine Province Misiones
26%
Argentine Province Neuquén
26%
Chili Region Arica et Parinacota
25%
Argentine Province Corrientes
25%
Argentine Province Entre Ríos
24%
Argentine Province Tucumán
24%
Argentine Province Chaco
23%
Chili Region Magallanes
23%
Argentine Province La Rioja
22%
Colombie Department Arauca
21%
Argentine Province Catamarca
21%
Argentine Province Chubut
21%
Argentine Province Formosa
20%
Paraguay Department Misiones
20%
Chili Region O'Higgins
20%
Chili Region Coquimbo
19%
Uruguay Department San José
19%
Paraguay Department San Pedro
19%
Paraguay Department Concepción
18%
Bolivie Department Oruro
18%
Colombie Department Santander
18%
Colombie Department Cauca
17%
Uruguay Department Flores
17%
Equateur Province Guayas
17%
Chili Region Maule
17%
Colombie Department Antioquia
16%
Equateur Province Los Ríos
16%
Colombie Department Magdalena
16%
Pérou Department Tacna
16%
Chili Region Tarapacá
16%
Colombie Department Atlántico
15%
Bolivie Department Beni
15%
Uruguay Department Salto
15%
Venezuela State Trujillo
15%
Pérou Department Cajamarca
14%
Colombie Department Chocó
14%
Chili Region Aysén
13%
Colombie Department Caquetá
13%
Equateur Province Esmeraldas
13%
Equateur Province Loja
13%
Colombie Department Nariño
13%
Colombie Department Norte de Santander
13%
Chili Region Ñuble
13%
Bolivie Department Pando
13%
Pérou Department Puno
13%
Colombie Department Putumayo
13%
Colombie Department San Andrés, Providencia and Santa Catalina
13%
Colombie Department Valle del Cauca
13%
Pérou Department Apurímac
12%
Chili Region Araucanie
12%
Equateur Province Chimborazo
12%
Colombie Department Cundinamarca
12%
Pérou Department Ica
12%
Pérou Department Loreto
12%
Venezuela State Miranda
12%
Equateur Province Pastaza
12%
Equateur Province Sucumbíos
12%
Bolivie Department Tarija
12%
Paraguay Department Alto Paraguay
11%
Equateur Province Cotopaxi
11%
Equateur Province El Oro
11%
Colombie Department Guaviare
11%
Colombie Department La Guajira
11%
Pérou Department La Libertad
11%
Pérou Department Madre de Dios
11%
Venezuela State Mérida
11%
Colombie Department Meta
11%
Pérou Department Tumbes
11%
Equateur Province Azuay
10%
Colombie Department Boyacá
10%
Pérou Autonomous city Callao
10%
Colombie Department Cesar
10%
Pérou Department Huánuco
10%
Colombie Department Huila
10%
Equateur Province Napo
10%
Pérou Department Piura
10%
Colombie Department Tolima
10%
Equateur Province Zamora-Chinchipe
10%
Paraguay Department Alto Paraná
9%
Pérou Department Ayacucho
9%
Colombie Department Caldas
9%
Equateur Province Carchi
9%
Paraguay Department Central
9%
Bolivie Department Chuquisaca
9%
Uruguay Department Colonia
9%
Uruguay Department Florida
9%
Colombie Department Guainía
9%
Equateur Province Imbabura
9%
Pérou Department Junín
9%
Equateur Province Orellana
9%
Pérou Department San Martín
9%
Colombie Department Vaupés
9%
Colombie Department Vichada
9%
Venezuela State Zulia
9%
Venezuela State Apure
8%
Uruguay Department Artigas
8%
Uruguay Department Canelones
8%
Colombie Department Casanare
8%
Guyana Governorate Demerara-Mahaica
8%
Pérou Department Moquegua
8%
Guyana Governorate Pomeroon-Supenaam
8%
Paraguay Department Presidente Hayes
8%
Colombie Department Risaralda
8%
Uruguay Department Rocha
8%
Pérou Department Ancash
7%
Guyana Governorate Barima-Waini
7%
Paraguay Department Boquerón
7%
Paraguay Department Caaguazú
7%
Paraguay Department Caazapá
7%
Equateur Province Cañar
7%
Paraguay Department Canindeyú
7%
Uruguay Department Cerro Largo
7%
Paraguay Department Cordillera
7%
Guyana Governorate Cuyuni-Mazaruni
7%
Venezuela State Guárico
7%
Guyana Governorate Haut Demerara-Berbice
7%
Paraguay Department Itapúa
7%
Pérou Department Lambayeque
7%
Venezuela State Lara
7%
Guyana Governorate Mahaica-Berbice
7%
Uruguay Department Maldonado
7%
Equateur Province Manabí
7%
Equateur Province Morona Santiago
7%
Paraguay Department Ñeembucú
7%
Uruguay Department Paysandú
7%
Equateur Province Pichincha
7%
Guyana Governorate Potaro-Siparuni
7%
Colombie Department Quindío
7%
Uruguay Department Rivera
7%
Pérou Department Ucayali
7%
Paraguay Department Amambay
6%
Venezuela State Anzoátegui
6%
Uruguay Department Durazno
6%
Venezuela State Falcón
6%
Paraguay Department Guairá
6%
Pérou Department Huancavelica
6%
Paraguay Department Paraguarí
6%
Chili Region Région des Fleuves
6%
Chili Region Région des Lacs
6%
Equateur Province Santo Domingo de los Tsáchilas
6%
Suriname District Sipaliwini
6%
Venezuela State Táchira
6%
Venezuela State Aragua
5%
Venezuela State Barinas
5%
Suriname District Brokopondo
5%
Venezuela State Carabobo
5%
Venezuela State Cojedes
5%
Suriname District Commewijne
5%
Suriname District Coronie
5%
Venezuela State Delta Amacuro
5%
Suriname District Marowijne
5%
Venezuela State Monagas
5%
Suriname District Nickerie
5%
Venezuela State Nueva Esparta
5%
Pérou Department Pasco
5%
Venezuela State Portuguesa
5%
Equateur Province Santa Elena
5%
Suriname District Saramacca
5%
Uruguay Department Tacuarembó
5%
Uruguay Department Treinta y Tres
5%
Equateur Province Tungurahua
5%
Suriname District Wanica
5%
Venezuela State Yaracuy
5%
Guyana Governorate Haut Takutu-Haut Essequibo
4%
Uruguay Department Soriano
4%
Venezuela Dependency Dépendances Fédérales
3%
Guyana Governorate East Berbice-Corentyne
3%
Venezuela State Vargas
3%
Guyana Governorate Iles Essequibo Demerara occidental
2%
Aucun quiz correspondant
Distribution des résultats
% des personnes avec chaque résultat
Percentile par nombre de réponses
Votre historique - résultats
Vous n’avez pas pris ce quiz